| 000 | 00485nam a2200181Ia 4500 | ||
|---|---|---|---|
| 005 | 20240913125911.0 | ||
| 008 | 240913s9999||||xx |||||||||||||| ||und|| | ||
| 041 | _aENGLISH | ||
| 082 | _A614.1 Q0 | ||
| 100 | _aLoue,Sana | ||
| 245 | 0 | _aForensic Epidemiology : Integrating Public Health and Law Enforcement | |
| 250 | _a1st | ||
| 260 |
_c2010 _bJones & Bartlett Lea |
||
| 500 | _aREFERENCE | ||
| 650 |
_aForensic Science _bAllied Health Science |
||
| 942 | _cREF | ||
| 999 |
_c246514 _d246514 |
||